Le nombre de points maximal... - Statistiques

Statistiques générales
  • Ce quiz a été pris 57 fois
  • Le résultat moyen est 4 sur 15
Statistiques - réponses
Le nombre de points maximal... Réponse % Correct
...qu'on peut avoir sur son permis de conduirede voiture français ? 12
96%
...qu'il est possible de faire au bowling ? 300
61%
...accordé par une lettre au Scrabble ? 10
59%
...qu'il est possible d'obtenir à l'examen du permisde conduire ? 31
50%
...qu'une équipe peut atteindre à la pétanque ? 13
41%
...qu'il est possible de récolter après avoir fini 1er d'une course dans un jeu Mario Kart ? 15
37%
...en un tir aux fléchettes ? 180
35%
...au bac, sur lequel est calculé le barême ? 2000
17%
...qu'une équipe peut faire à la belote ? 182
7%
...en additionnant toutes les cartes du tarot ? 91
7%
...qu'il est possible d'atteindre sur Wii Sports,en terme de niveau de compétence ? 2500
4%
...cumulable par un Pilote de Formule 1 en compétition ? 648
2%
...sur un compte de fidélité Burger King,qui sont des couronnes ? 220
0%
...qu'on peut obtenir à Pac-Man, en terminant lejeu sans perdre de vie et en ramassant tout ? 3 333 360
0%
...que l'on peut atteindre au Yams ? 390
0%
Aucun quiz correspondant
Distribution des résultats
% des personnes avec chaque résultat
Percentile par nombre de réponses
Votre historique - résultats
Vous n’avez pas pris ce quiz